书目信息 |
| 题名: |
数字全息显微
|
|
| 作者: | 金明庚 著 ;郭羽 , 胡亚萍 , 刘军宁 译 | |
| 分册: | ||
| 出版信息: | 北京 国防工业出版社 2017.2 |
|
| 页数: | 11,195页 | |
| 开本: | 24cm | |
| 丛书名: | 现代光学工程精品译丛 | |
| 单 册: | ||
| 中图分类: | TN27 | |
| 科图分类: | ||
| 主题词: | 数字显示--全息显微镜--显微术 | |
| 电子资源: | ||
| ISBN: | 978-7-118-11169-9 | |
| 000 | 01742nam 2200349 450 | |
| 001 | 0400004042 | |
| 005 | 20171023113348.0 | |
| 010 | @a978-7-118-11169-9@dCNY79.00 | |
| 100 | @a20170427e2017 em y0chiy50 ea | |
| 101 | 1 | @achi@ceng |
| 102 | @aCN@b110000 | |
| 105 | @aa z 000yy | |
| 106 | @ar | |
| 200 | 1 | @a数字全息显微@9shu zi quan xi xian wei@dDigital holographic microscopy@fMyung K.Kim著@g郭羽,胡亚萍,刘军宁译@zeng |
| 210 | @a北京@c国防工业出版社@d2017.2 | |
| 215 | @a11,195页@c图@d24cm | |
| 225 | 2 | @a现代光学工程精品译丛 |
| 300 | @a装备科技译著出版基金 | |
| 314 | @a郭羽,高级工程师,毕业于长春理工大学、中国兵器科学研究院,现工作于西安应用光学研究所,研究方向为数字全息、光学测量、光电系统应用技术,曾出版合著《当代光学计量测试技术概论》等书籍。 | |
| 314 | @a胡亚萍,毕业于西安外国语大学,现任教于西安石油大学外国语学院,发表过多篇学术论文,多次被评为学院优秀教师。 | |
| 314 | @a刘军宁,毕业于空军工程大学光学工程专业,在校期间从事计算全息成像方面的研究,目前从事指挥系统的维护和相关开发工作。 | |
| 330 | @a本书介绍了傅里叶光学理论、全息原理、衍射的基本数理方法,接着深入描述数字全息理论、装置,深入浅出地阐述关键内容,强调理论与实际的联系,重点介绍了零阶像和双像的规避问题,接着描述了相位移动数字全息、数字全息的数理技术,最后详细阐述应用领域中的数字全息显微技术和具有巨大发展潜力的低相干层析显微技术。 | |
| 461 | 0 | @12001 @a现代光学工程精品译丛 |
| 510 | 1 | @aDigital holographic microscopy@zeng |
| 606 | 0 | @a数字显示@x全息显微镜@x显微术 |
| 690 | @aTN27@v5 | |
| 701 | 0 | @c(美)@a金明庚@9jin ming geng@c(Myung K.Kim)@4著 |
| 702 | 0 | @a郭羽@9guo yu@4译 |
| 702 | 0 | @a胡亚萍@9hu ya ping@4译 |
| 702 | 0 | @a刘军宁@9liu jun ning@4译 |
| 801 | 0 | @aCN@b91MARC@c20171023 |
| 905 | @b1027776-80@dTN27@f5@e126 | |
| 数字全息显微=Digital holographic microscopy/Myung K.Kim著/郭羽,胡亚萍,刘军宁译.-北京:国防工业出版社,2017.2 |
| 11,195页:图;24cm.-(现代光学工程精品译丛) |
| 装备科技译著出版基金 |
| ISBN 978-7-118-11169-9:CNY79.00 |
| 本书介绍了傅里叶光学理论、全息原理、衍射的基本数理方法,接着深入描述数字全息理论、装置,深入浅出地阐述关键内容,强调理论与实际的联系,重点介绍了零阶像和双像的规避问题,接着描述了相位移动数字全息、数字全息的数理技术,最后详细阐述应用领域中的数字全息显微技术和具有巨大发展潜力的低相干层析显微技术。 |
| ● |
| 相关链接 |
|
|
|
|
正题名:数字全息显微
索取号:TN27/126
 
预约/预借
| 序号 | 登录号 | 条形码 | 馆藏地/架位号 | 状态 | 备注 |
| 1 | 1027776 | 210277760 | 第二样本阅览室/ [索取号:TN27/126] | 在馆 | |
| 2 | 1027777 | 210277779 | 密集书库-物理学院/ [索取号:TN27/126] | 在馆 | |
| 3 | 1027778 | 210277788 | 第三借阅区/ [索取号:TN27/126] | 在馆 | |
| 4 | 1027779 | 210277797 | 第三借阅区/ [索取号:TN27/126] | 在馆 | |
| 5 | 1027780 | 210277804 | 第三借阅区/ [索取号:TN27/126] | 在馆 |